Průměrné kilogramové ceny v čs. obchodu strojírenskými výrobky se SRN v letech 1988-1991

Enregistré dans:
Détails bibliographiques
Format: Livre
Langue:tchèque
Publié: Praha Výzkumný ústav vnějších ekonomických vztahů 1992
Collection:Ekonomická informace č. 166
Sujets:
Tags: Ajouter un tag
Pas de tags, Soyez le premier à ajouter un tag!

MARC

LEADER 00000nam a2200000 4500
001 c003921
005 20250526074913.7
041 0 |a cze 
044 |a CZ 
245 1 0 |a Průměrné kilogramové ceny v čs. obchodu strojírenskými výrobky se SRN v letech 1988-1991 
264 1 |a Praha  |b Výzkumný ústav vnějších ekonomických vztahů  |c 1992 
300 |a 150 s. 
490 1 |a Ekonomická informace  |v č. 166 
830 0 |a Ekonomická informace  |v č. 166 
610 2 0 |a ceny priemerné 
610 2 0 |a ceny vývozné 
610 2 0 |a ceny dovozné 
610 2 0 |a ČSFR 
610 2 0 |a Nemecko 
610 2 0 |a výrobky strojárske 
610 2 0 |a obchod zahraničný